000 00476nam a22001697a 4500
005 20250106144619.0
008 250106b |||||||| |||| 00| 0 eng d
020 _a9780760070765
082 _a658.4040
_bFRI-M
100 _aFriedrichsen, Lisa
245 _aNew Perspectives on Microsoft Project 2000 /
_cLisa Friedrichsen
260 _aUSA:
_bElsevier;
_c2000.
300 _axiv, 400 p. :
_bill;
_c24 cm.
500 _ainclude index.
650 _2Computer
999 _c36809
_d36809